<?xml version="1.0" encoding="UTF-8"?>
<collection xmlns="http://www.loc.gov/MARC21/slim">
 <record>
  <leader>00546pamaa2200157   4500</leader>
  <controlfield tag="001">0000031577</controlfield>
  <controlfield tag="005">20080619090000.0</controlfield>
  <datafield tag="020" ind1="0" ind2="0">
   <subfield code="a">[nil] (CD-ROM) </subfield>
  </datafield>
  <datafield tag="090" ind1="0" ind2="0">
   <subfield code="a">QA76.575 </subfield>
   <subfield code="b">MAC 2002</subfield>
  </datafield>
  <datafield tag="245" ind1="0" ind2="0">
   <subfield code="a">MACROMEDIA Director 8.5 : </subfield>
   <subfield code="b">shockwave studio for 3D training from the source [</subfield>
   <subfield code="m">CD-ROM].</subfield>
  </datafield>
  <datafield tag="260" ind1="0" ind2="0">
   <subfield code="a">Berkeley: </subfield>
   <subfield code="b">Macromedia Press, </subfield>
   <subfield code="c">2002.</subfield>
  </datafield>
  <datafield tag="300" ind1=" " ind2=" ">
   <subfield code="a">1 CD-ROM; </subfield>
   <subfield code="c">4.5 inch.</subfield>
  </datafield>
  <datafield tag="500" ind1="0" ind2="0">
   <subfield code="a">Accompany with textbook titled &quot;Macromedia director 8.5 shockwave studio training from the source</subfield>
  </datafield>
  <datafield tag="650" ind1="0" ind2="0">
   <subfield code="a">Macromedia authoware </subfield>
  </datafield>
  <datafield tag="650" ind1="0" ind2="0">
   <subfield code="a">Computer programme </subfield>
  </datafield>
 </record>
</collection>
